| 000 | 00580nam a2200193 a 4500 | ||
|---|---|---|---|
| 005 | 20240913063804.0 | ||
| 008 | 011016s1990 es r 000 0 spa d | ||
| 020 | _a8432993549 | ||
| 035 | _aUPN01000113069 | ||
| 049 | _aCG | ||
| 050 | 4 |
_aHV9076.5 _bG37 |
|
| 100 | 1 |
_aGarrido Genovés, Vicente, _d1958- _932811 |
|
| 245 | 1 | 0 |
_aPedagogía de la delincuencia juvenil / _cVicente Garrido Genovés. |
| 260 |
_aBarcelona, Esp. : _bCEAC, _c1990. |
||
| 300 | _a157 p. | ||
| 440 | 0 |
_aEducación y enseñanza. _pPedagogía social |
|
| 650 | 4 |
_aDelincuencia juvenil _99217 |
|
| 905 | _aLibro | ||
| 999 |
_c86977 _d86977 |
||